000
00272nam a22001217a 4500
008
171124b xxu||||| |||| 00| 0 eng d
041
_a
eng
080
_a
54
100
_a
11
101
_a
KIM
245
_a
CHEMISTRY OF THE GOVALENT BOND
_c
CLAPP.L.B
942
_2
udc
_c
BK
999
_c
38423
_d
38423